Vista normal
Vista MARC
Entrada Nombre Geográfico
Número de registros utilizados en: 1
001 - CONTROL NUMBER
- control field: 27648
003 - CONTROL NUMBER IDENTIFIER
- control field: AR-RoUNA
005 - DATE AND TIME OF LATEST TRANSACTION
- control field: 20260318104112.0
008 - FIXED-LENGTH DATA ELEMENTS
- fixed length control field: 260318|| aca||aabn | a|a d
040 ## - CATALOGING SOURCE
- Original cataloging agency: AR-RoUNA
- Transcribing agency: AR-RoUNA
151 ## - HEADING--GEOGRAPHIC NAME
- Geographic name: Misiones, Argentina
670 ## - SOURCE DATA FOUND
- Source citation: Work cat.: (AR-RoUNA)12366: Padre Jose Marx 27646, Las misiones jesuiticas /, [1974]